00304nam a2200097Ia 4500008004100000245006900041245001800110260000900128650002100137856004800158171204s9999 xx 000 0 und d 2aA Landscape of Travel: The Work of Tourism in Rural Ethnic China cJenny T. Chio c2014 xDOMESTIC TOURISM uhttp://down.ebook777.com/036/0295993669.pdf